| 000 | 00621nam a22002177a 4500 | ||
|---|---|---|---|
| 003 | LK-CoMWRAF | ||
| 005 | 20240203124057.0 | ||
| 008 | 240203b1994 |||||||| |||| 00| 0 eng d | ||
| 020 | _a9789555994927 | ||
| 040 |
_aLK-CoMWRAF _dLK-CoMWRAF _eLK-CoMWRAF |
||
| 041 | _aeng | ||
| 082 |
_a320.954 _bASH |
||
| 100 | _aAshraff, M.H.M. | ||
| 245 |
_aAshraff in parliament: _bVolume V-1993, Volume VI-1994 |
||
| 260 |
_aColombo: _bSri Lanka Muslim congress, _c1994 |
||
| 300 | _axxxvii., 377 p. | ||
| 650 | _a POLITICIANS-Sri Lanka | ||
| 700 |
_aHakeem, Rauff _eed. |
||
| 700 |
_aAhemed, Siyath S.L. _ecomp. |
||
| 942 | _cBK | ||
| 999 |
_c4725 _d4725 |
||